000 01816nam a22003377a 4500
001 B-261948-953
003 dpl
005 20080606122156.0
008 080606t xxu||||| |||| 00| 0 eng d
010 _aB-261948-953
020 _a184425305
_c250.00
035 _aB-261948-953
037 _bSuper Book Distributors/22.4.08/27/8.4.08/19.5.08/495.00/
040 _aDPL
_bEN
082 _aS
245 _aWalt Disney's classic:bambi
260 _aLondon
_bLadybird
_c2005
260 _aNew Delhi
_bSuper Book Distributors
270 _a80 Strand,
_bLondon
270 _aF-1/16, Basement Ansari Road, Darya Ganj
_bNew Delhi
_e110002
300 _a61p.
_bcol. ill.
_c26 cm.(pbk)
942 _2ddc
_cCH
_hS
_mWAL
999 _c14184
_d14184